| 000 | 00426nam a2200157Ia 4500 | ||
|---|---|---|---|
| 003 | GCL | ||
| 008 | 140319s9999 xx 000 0 ara d | ||
| 040 |
_aGCL / _cGCL |
||
| 082 | 0 | 4 |
_a272.1 _bم ت |
| 100 | 1 | _aمرقص داود | |
| 245 | 1 | 0 |
_aتفسير يوئيل , ط3 / _cمرقص داود |
| 700 | 1 | _aمتى هنرى | |
| 260 |
_a[S.N] : _bدار الثقافة العربية ، _c1987 |
||
| 300 | _a102 ص | ||
| 490 | _a | ||
| 999 |
_c53980 _d53980 |
||